Score 0/15 Timer 10:00
0 Plays Today
Hint Answer % Correct
What Is His Sister's Name?Aaliyah
92.9%
How Old Is He?(as of 14.09.17)19
85.1%
What is the Shawn Mendes Fandom Called?Mendes Army
78%
Where did he grow up?Canada
76%
What was Shawn's First Released Song?LIfe Of The Party
75.3%
What House Pet Is Shawn Allergic to but loves?Dogs
71.7%
What Are His Middle Names?Peter Raul
68.2%
How old Was Shawn When The Shawn Mendes EP Came Out?15
58.3%
Hint Answer % Correct
Which artist did he preform Mercy With On the Illuminate World Tour?Ed Sheeran
51.3%
What is his 2017 world tour called?Illuminate World Tour
50.5%
What Is His Favourite Animal?Elephant
46%
What Song Has The Lyrics 'People taking pictures of what there about to eat'Lost
45%
What Is Shawn's Fragrence Called?Shawn Signature
33.8%
Who In His Family Has A Birthday On May 9th?His Dad
25.9%
What Is His Mom's Job?Astate Agent
9.1%
Remove Ads.
Support Sporcle.
Get the best of Sporcle when you Go Orange. This ad-free experience offers more features, more stats, and more fun while also helping to support Sporcle. Thank you for becoming a member.

You're not logged in!

Compare scores with friends on all Sporcle quizzes.
OR
Log In

Show Comments

Extras

Created Sep 14, 2017ReportNominate
Tags:fan, mende, Shawn, Shawn Mendes

Top Quizzes Today


Score Distribution

Your Account Isn't Verified!

In order to create a playlist on Sporcle, you need to verify the email address you used during registration. Go to your Sporcle Settings to finish the process.

Report this User

Report this user for behavior that violates our Community Guidelines.

Details: